00302nam a2200121Ia 4500008004100000020001700041040002600058082000600084245002600090260004300116003000400159005001700163241206s9999||||xx |||||||||||||| ||und|| a1675-0322c0 bengcSSK Libraryerda a- 0aChip (September 2013) b Online Dynamics (M) Sdn. Bhd.c©2013OSt20241206223227.0